| 000 | 00542nam a2200145Ia 4500 | ||
|---|---|---|---|
| 008 | 170224s9999 xx 000 0 und d | ||
| 100 | _aAna Vukadin | ||
| 245 | _aOpportunities and risks of combining shopping experience and artistic elements in the same store: a contribution to the magical functions of the point of sale | ||
| 245 | _cAna Vukadin, Jean-François Lemoine & Olivier Badot | ||
| 260 | _bJournal of Marketing Management | ||
| 260 | _c2016 | ||
| 300 | _a32:9-10,Pages: 944-964 | ||
| 500 | _aAugust | ||
| 650 | _xMarketing. | ||
| 999 |
_c315943 _d315943 |
||